000 00319nam a2200121Ia 4500
008 220216s9999 xx 000 0 und d
100 _aMoore A
245 0 _aSUBUR type smoke-houses
260 _bJournal of the Rubber Research Institute of Malaya
_c1937
300 _a147-164
700 _aPiddlesden J H
942 _cJS
999 _c53219
_d53219